| 000 | 00647nam a2200169 a 4500 | ||
|---|---|---|---|
| 001 | BRCA_2119 | ||
| 005 | 20190320203657.0 | ||
| 008 | 120808s1991----mx-#---###---#000-0#spa-# | ||
| 050 | 4 |
_aF1391.P8 _b.L43 63 _c1991 |
|
| 100 | 1 |
_aTecuanhuey Sandoval, Alicia _96410 |
|
| 245 | 1 | 0 |
_aEl perfil de los gobernadores en Puebla durante el siglo XX _cAlicia Tecuanhuey Sandoval. |
| 260 |
_aPuebla, México _bGobierno del Estado de Puebla : Secretaría de Cultura : Comisión Puebla V Centenario _c1991 |
||
| 300 |
_a28 p. _c21 cm. |
||
| 440 | 0 |
_aLecturas Históricas de Puebla _n63 _96411 |
|
| 651 | 4 |
_aPuebla (México) _xHistoria _ySiglo XX _96412 |
|
| 942 |
_2lcc _cB |
||
| 999 |
_c1876 _d1876 |
||